10 Most Famous Cities in Niger on a Map - Statistics

General Stats
  • This quiz has been taken 69 times
  • The average score is 4 of 10
Answers on the Map
Answers color-coded by a green-red scale on the quiz's map according to % correct below.
 
Answer Stats
Wiki Monthly Views Cityquiz Mention Rate Population Answers % Correct
28.59K 28.60% 978.03K Niamey
100%
10.96K 3.71% 110.50K Agadez
58%
4.22K 2.78% 235.60K Zinder
49%
2.81K 1.43% 267.25K Maradi
37%
2.32K 0.63% 78.65K Arlit
28%
1.14K 0.30% 39.96K Diffa
28%
1.48K 0.74% 117.83K Tahoua
26%
1.16K 0.44% 58.67K Dosso
23%
1.90K 0.36% 4.02K Bilma
14%
1.74K 0.33% 13.55K Say
14%
No matching quizzes found
Score Distribution
Percent of People with Each Score
Percentile by Number Answered
Your Score History
You have not taken this quiz